[Event "EU-ch 12th"]
[Site "Aix les Bains"]
[Date "2011.04.01"]
[Round "10"]
[White "Ragger, Markus"]
[Black "Vallejo Pons, Francisco"]
[Result "1/2-1/2"]
[WhiteElo "2614"]
[BlackElo "2707"]
[Annotator "Marin,M"]
[PlyCount "80"]
[EventDate "2011.03.22"]
[EventType "swiss"]
[EventRounds "11"]
[EventCountry "FRA"]
[SourceTitle "CBM 142 Extra"]
[Source "ChessBase"]
[SourceDate "2011.06.27"]
[SourceVersion "1"]
[SourceVersionDate "2011.06.27"]
[SourceQuality "1"]

1. Nf3 Nf6 2. c4 e6 3. g3 d5 4. Bg2 Be7 5. d4 O-O 6. O-O dxc4 7. Qc2 b5 8. a4
b4 9. Nbd2 $5 $146 {A quiet developing move, aiming for a safe queenside
blockade on light squares. Anticipating a bit, the existing practical material
suggest that Black has little trouble equalizing.} ({For} 9. Ne5 {see the game
played two days earlier: Shimanov,A (2550)-Salgado Lopez,I (2630)/
Aix-les-Bains 2011/CBM 142 [Marin] (0-1, 19)}) 9... Bb7 10. Nxc4 Be4 {This
position was reached in a series of games played after the European
championship.} 11. Qd1 $5 {Not really unusual in the Catalan Opening. It may
seem that White simply lost two tempi, but it is more important that under the
given circumstances d1 is the safest square for the queen.} (11. Qb3 c5 (11...
Nc6 12. Be3 Bd5 {led to an immediate repetition of moves:} 13. Qd3 Be4 14. Qb3
Bd5 15. Qd3 Be4 16. Qb3 {1/2 Garza Marco,S (2434)-De la Villa Garcia,J (2491)/
Gijon ESP 2011/TWIC 860}) 12. Be3 cxd4 13. Nxd4 Bxg2 14. Kxg2 Qd5+ 15. f3 Nbd7
16. Nd2 Qb7 $11 {Maletin,P (2584)-Zontakh,A (2568)/Olginka 2011 (1-0, 59).
White cannot fully enjoy his queenside blockade because he faces threats such
as ...Nc5 and ...Ng4.}) 11... c5 12. dxc5 Nbd7 $1 (12... Na6 $6 {is an
imperceptible mistake. White is just too happy to get rid of his queen, which
does not find a stable square.} 13. Qxd8 $1 Rfxd8 14. Nfe5 Bxc5 15. Bg5 Rd4 16.
Rac1 Bxg2 17. Kxg2 Ne4 18. Bf4 $14 {Lafuente,P (2572)-Gurevich,D (2475)/Toluca
2011/ (1-0, 44). White's pieces are more stable.}) 13. Nfe5 Nxe5 $6 {Allowing
White to carry out the same favourable exchange as in the previous comment.} (
13... Bxg2 $1 $146 14. Kxg2 Qc7 15. Nxd7 Nxd7 16. Be3 Bxc5 17. Rc1 Rac8 18. Kg1
Rfd8 $11 {/=/+ Black is well developed and has no problems at all, Spirin,O 
(2474)-Gajewski,G (2567)/Deizisau 2011/ (0-1, 62)}) 14. Qxd8 Rfxd8 15. Nxe5
Bxc5 $6 {He should have avoided the pin created by the next move.} (15... Rd5
$5 16. Nd3 Bxc5 {offers better chances for maintaining equality, although
White's position may be easier to play.}) 16. Bg5 $1 Bxg2 17. Kxg2 Rd5 {
Black cannot avoid the spoiling of his kingside structure under favourable
circumstances.} (17... Be7 18. Nc6 Rd7 19. Rfd1 Rxd1 (19... Rc7 20. Rac1 $16)
20. Rxd1 ({It is better to refrain from the intermediate check} 20. Nxe7+ $6
Kf8 21. Rxd1 Kxe7 22. Rc1 $14) 20... Bf8 21. Bxf6 gxf6 22. b3 $16) 18. Bxf6
gxf6 19. Nd3 $14 {/+/- I immagine that Ulf Andersson would be happy with this
ending. Throughout his carrier he managed squeezing a win from positions with
lesser advantage than this one. The knight is very stable and Black's
structure on both wings is anything but perfect. In the absence of a black
knight, the white queenside is rather safe.} b3 20. Rfc1 Bd6 21. Rc3 Rb8 22.
Rac1 Kg7 23. Rc8 Rxc8 24. Rxc8 Ra5 25. Rc4 f5 26. Kf1 h5 27. Ke1 e5 28. f3 Ra6
29. Kd2 Rb6 30. Kc3 f4 31. a5 (31. gxf4 exf4 32. Rd4 $16 {would most likely
win a pawn soon, because of Black's lack of coordination.}) 31... Rb5 32. Rc6
fxg3 33. hxg3 Bb8 34. Nc5 e4 35. Nxe4 $6 (35. f4 {would have maintained some
chances:} Rxa5 36. Nxb3 Rd5 37. Nd4 h4 38. Kc4 Rh5 39. gxh4 Bxf4 40. Ra6 Be3
41. Rxa7 Bxd4 42. Kxd4 Rxh4 43. Re7 $16 {The draw is not really obvious here.})
35... Be5+ 36. Kc4 Rxa5 37. Kb4 Rd5 38. Kc4 (38. Kxb3 Rb5+) 38... Ra5 39. Kb4
Rd5 40. Kc4 Ra5 1/2-1/2

[Event "EU-ch 8th"]
[Site "Dresden"]
[Date "2007.04.09"]
[Round "7"]
[White "Kozul, Zdenko"]
[Black "Baramidze, David"]
[Result "1-0"]
[WhiteElo "2610"]
[BlackElo "2543"]
[Annotator "Marin,M"]
[PlyCount "109"]
[EventDate "2007.04.03"]
[EventType "swiss"]
[EventRounds "11"]
[EventCountry "GER"]
[SourceTitle "CBM 118"]
[Source "ChessBase"]
[SourceDate "2007.05.31"]
[SourceVersion "1"]
[SourceVersionDate "2007.05.31"]
[SourceQuality "1"]

1. d4 d5 2. c4 e6 3. Nf3 Nf6 4. g3 Be7 5. Bg2 O-O 6. O-O dxc4 7. Qc2 a6 8. a4
Bd7 9. Qxc4 Bc6 10. Bg5 Bd5 11. Qc2 Be4 12. Qd1 c5 13. dxc5 Bxc5 ({In the
first game of the same tournament Kozul won against} 13... Nbd7 {. We can
assume that Baramidze was aware of this.}) 14. Qxd8 Rxd8 15. Nbd2 Bc6 16. Nb3
Bb6 $146 ({In the first game where this variation came into the limelight,} 
16... Nbd7 {was played Kramnik,V (2797)-Gelfand,B (2712)/Astana 2001/CBM 084/
[Ribli] (1-0, 60). In the comments to the game, 16...Be7 and 16...Bb4 are
mentioned. Nobody seems to have layed or suggested the move chosen by
Baramidze.}) 17. Ne5 Bxg2 18. Kxg2 h6 {A curious move. Doubling Black's pawns
is usually an important strategic achievement for White, so why would Black
spend a whole tempo to provoke it? The answer is quite simple, but I doubt
whether it really justifies the last move. Black aims to drive the e5-knight
back before he develops his queen's knight so that he can do it by means of ...
Nc6.} (18... Nbd7 $5 19. Nxd7 Rxd7 20. Bxf6 gxf6 21. Rfd1 Rad8 22. Rxd7 Rxd7
23. Rc1 {White's position is more pleasant, but with his b-pawn on the initial
square Black is safe on the queenside, which should allow him leave with the
weaknesses on the opposite wing.}) 19. Bxf6 gxf6 20. Nc4 Bc7 21. Rfd1 Nc6 22.
Rxd8+ $6 {I see no special reason for giving up the control of the d-file so
easily.} ({The immediate} 22. Nc5 $14 {, with similar ideas as in the game,
should be prefereed, for instance} b5 (22... Rxd1 23. Rxd1 b5 24. Rd7 Ra7 25.
axb5 axb5 26. Na3 Bb6 27. Rxa7 Nxa7 28. Nd3 $14) 23. Ne3 $5 Rxd1 24. Nxd1 $14)
({A slower approach, such as} 22. f4 f5 23. Kf3 Kg7 24. e3 {is also possible.})
22... Rxd8 23. Nc5 {If White manages to provoke the advance of the enemy
b-pawn, then he will have targets on both wings, offering him reasonable
winning chances.} b5 (23... Rb8 $2 24. Nd7 $16) ({A more retrained
continuation was} 23... Rd4 24. Rc1 Nd8 $14 {with a solid defence.}) 24. axb5 (
24. Nxa6 bxc4 25. Nxc7 Rd2 $132) 24... axb5 25. Na3 Bb6 $6 {Black does not
take advantage of the control of the open file, offered to him by the exchange
on d8.} (25... Rd2 $1 $132 26. Nxb5 (26. Ne4 Rxb2 27. Nxf6+ Kf8 28. Rc1 Bd8 $11
) (26. Rc1 Be5 $11) 26... Be5 $11) 26. Nb3 Nd4 $6 {With every new exchange,
the superiority of the knight over the bishop (determined by Black's
weaknesses on both sides) increases.} 27. Nxd4 Rxd4 28. Rc1 Rd2 $6 {Heading
directly for the ending Black should avoid.} ({It is true that} 28... Rb4 {
would not have avoided the exchange of rooks anyway, because of} 29. Rc8+ Kg7
30. Rb8 Bd4 $8 31. Nc2 Be5 $8 32. Nxb4 Bxb8 33. Nc6 Be5 34. b3 $16 {The ending
is similar to the game, but White will need some more time to force the b-pawn
advance on a dark square in order to make the light squares available for his
pieces.}) 29. Rc6 $1 {Forcing the bishop on to an unfavourable square.} Ba5 30.
Rc2 Rxc2 (30... Rd5 31. Rc8+ Kg7 32. Rb8 b4 33. Nc4 $16 {[%csl Gb4]}) 31. Nxc2
Bb6 {Black has to spend a tempo on "correcting" the position of his bishop.} (
31... Kg7 $2 32. Nd4 b4 33. Nc6 $18 {wins a pawn for White.}) 32. Na3 b4 33.
Nc4 Bc5 34. e3 {The ending is very similar to that from the first game of the
match Kramnik-Deep Fritz. Kozul probably knew the general conclusion of the
intense theoretical debate: White has to keep things under control on the
kingside with a relatively limited number of forces, in order to make progress
on the other wing (that is - win the b4-pawn and promote his own pawn)} f5 35.
Kf3 Kg7 36. Ke2 f6 37. Kd3 Kg6 38. Nd2 Kg5 39. h3 e5 40. Kc4 Ba7 {[%cal Ya7f2]
Black has to maintain his bishop on an active diagonal.} (40... Be7 41. Nf3+
Kh5 (41... Kg6 42. Nh4+ Kg5 43. f4+ {/\Nxf5+-}) 42. Kd5 $18) 41. Nf3+ Kh5 {
An awkward square for the king, but Black had no choice.} (41... Kg6 42. Nh4+
Kg5 43. f4+ Kh5 44. Nxf5 $18) 42. b3 $5 {Excellent technique. White is not
rushing in.} ({The consequences of} 42. Kxb4 $6 {are not entirely clear. White
might be better but Black's powerful counterplay would offer him excellent
saving chances; if given a choice, such lines as the following should be
avoided:} e4 43. Nd4 (43. Nd2 f4 44. gxf4 f5 45. Kb5 Kh4 $132) 43... f4 44.
gxf4 Kh4 $132) 42... f4 $6 {Giving in without a fight.} (42... Bb6 {was more
stubborn.} 43. Kd5 $1 (43. Kxb4 e4 $132) 43... f4 (43... Ba7 44. Ke6 $1 $18 f4
45. Kxf6 $3 {followed by mate with g4.}) 44. gxf4 exf4 45. exf4 $1 (45. e4 Bd8
$1 {[%csl Gb4][%cal Yd8e7] /\Be7} ({Black's extra-tempo compared to the game
in the line} 45... Kg6 46. Kc4 Kf7 47. Kxb4 Ke6 48. Kb5 Bxf2 49. Kc6 $18 {
has no practical significance.})) 45... Kg6 (45... Bxf2 46. f5 Bb6 47. Ke6 Bd8
{Black has managed to defend his pawn, but the passive placement of his king
leaves him in a desperate situation. The only thing White should avoid is
stalemating his opponent by capturing the bishop!}) 46. Ke6 Bxf2 47. f5+ Kg7
48. Kd5 {and the b4-pawn is doomed, for instance} Bg3 49. Kc5 $1 {At the same
time, there is no kingside counterplay for Black after ...h5-h4, because the
king has no access to g4 or g5.}) 43. gxf4 exf4 44. e4 $1 {At the cost of the
f2-pawn White has managed to stabilise the kingside. The rest is relatively
easy.} Kg6 45. Kxb4 Kf7 46. Kb5 Bxf2 47. Kc6 Ke7 48. b4 Ke6 49. b5 Ba7 50. Kc7
Bc5 51. b6 Bd6+ 52. Kc8 Bc5 53. b7 Bd6 (53... Ba7 54. Nd4+ Kf7 55. b8=Q Bxb8
56. Kxb8 {and Black is not in time for any counterplay.}) 54. Nd4+ $1 {Once
again, the most technical continuation.} (54. b8=Q {is also winning, but
requires some concrete calculation.} Bxb8 55. Kxb8 Kd6 56. Kc8 Kc5 57. Kd7 Kc4
58. Ke6 Kd3 59. Kf5 Ke3 60. Nh2 f3 61. h4 $18) 54... Ke5 (54... Kf7 55. Nb5 (
55. b8=Q $18) 55... Be5 56. Nc7 $18) 55. Nb5 1-0

[Event "Terre degli Elimi op 8th"]
[Site "Erice"]
[Date "2017.07.29"]
[Round "4"]
[White "Marin, Mihail"]
[Black "Basso, Pier Luigi"]
[Result "1/2-1/2"]
[WhiteElo "2529"]
[BlackElo "2434"]
[Annotator "Marin,M"]
[PlyCount "69"]
[EventDate "2017.07.28"]
[EventType "swiss"]
[EventRounds "9"]
[EventCountry "ITA"]
[SourceTitle "CBM 180"]
[Source "ChessBase"]
[SourceDate "2017.09.13"]
[SourceVersion "1"]
[SourceVersionDate "2017.09.13"]
[SourceQuality "1"]

1. d4 d5 2. c4 e6 3. Nf3 Nf6 4. g3 Be7 5. Bg2 O-O 6. O-O dxc4 7. Qc2 a6 8. a4
c5 {I do not remember having analysed this line ever since I published the
Catalan CD for ChessBase, meaning some 14 years ago. The last move used to be
popular somewhere in the '80s but then it slipped out of the theoretical
limelight. Lately, there seem to have been some new developments, which I was
completely unaware of.} (8... Bd7 {has been played in the vast majority of the
games over the past decade(s).}) ({Not so much time ago I experienced
someproblems against another rare move,} 8... Nc6 9. Qxc4 Qd5 10. Qd3 Qf5 {
Marin,M (2580)-Buhmann,R (2615) Medias 2015 CBM 169 [Bulmaga/Rogozenco,D] 
(½-½, 90)}) 9. dxc5 Bxc5 ({Some time ago} 9... Nc6 {used to be the second
most popular move, but it allows White to get very pleasant Catalan play, as
in the following recent game:} 10. Na3 Bxc5 11. Nxc4 Qe7 12. Nfe5 Nxe5 13. Nxe5
Nd5 14. Rd1 Nb4 15. Qc4 {White is better developed and exerts annoying
queenside pressure.} f6 {In the long run this creates an important weakness.}
16. Nd3 Nxd3 17. Rxd3 b5 18. Qb3 bxa4 19. Rxa4 Ra7 20. Rc4 $16 {White has set
out his major pieces very cleverly and Black experiences developing problems.}
Kh8 $2 (20... Bb7 21. e4 Ba8 22. Rxc5 Qxc5 23. Be3 Qc7 24. Bxa7 Qxa7 25. Qxe6+
$16 {/+-}) 21. Qc2 {Oops, Black loses a piece.} Rc7 22. Rdc3 $18 {Soysal,S 
(2316)-Kryvoruchko,V (2205) Lvov 2015 (1-0, 57)}) 10. Nbd2 {I spent some time
on this move, not being sure what I had analysed some time ago.} (10. Qxc4 {
is what White usually avoids. He should take the pawn with a knight, not with
the queen, as this involves time loss.} b6 11. Ne5 (11. Nc3 Bb7 12. Bg5 Nbd7
13. Rad1 Qc8 14. Qb3 h6 15. Bxf6 Nxf6 16. Ne5 Bxg2 17. Kxg2 Qb7+ 18. Kg1 Rfd8
$11 {Giri,A (2798)-Kramnik,V (2801) Zuerich (blitz) 2016 (1/2-1/2, 67)}) 11...
Ra7 12. Nc3 Bb7 13. Bxb7 Rxb7 14. Bg5 h6 15. Rad1 Qe7 16. Bxf6 Qxf6 17. Nd3 Qd4
18. Qb3 Be7 19. e3 Qg4 20. Ne5 Qh5 21. f4 Bf6 22. Nc4 Bxc3 23. Qxc3 Qc5 24. Qd4
Nd7 $11 {Aronian,L (2792)-Topalov,V (2761) Leuven (blitz) 2016 (1-0, 73)}) ({
My main alternative was} 10. Ne5 Qc7 (10... Nbd7 11. Nxc4 Qe7 12. Nc3 Rb8 13.
a5 b5 14. axb6 Nxb6 {Jakovenko,D (2714)-Popov,I (2596) Moscow (blitz) 2016 
(1-0, 26)} 15. Bf4 $16) 11. Nxc4 Nc6 12. Nc3 (12. Be3 Nd4 13. Bxd4 Bxd4 14. e3
Ba7 15. Rc1 {[%csl Ga7] looks more appropriate.}) 12... h6 13. a5 Nd4 14. Qd1
e5 15. e3 {1-0 (42) Avrukh,B (2610)-Krishnan,V (2268) Philadelphia 2015} Nc6
$15) 10... b5 $5 {To tell the truth, I had the intuition that my opponent
would play this way, even though I had never seen it before.} (10... Nc6 11.
Nxc4 $14 {more or less transposes above to 9...Nc6.}) 11. axb5 ({Without
previous preparation I was not keen on trying the thematic alternative} 11. Ng5
{involving a pawn sacrifice:} Ra7 12. Nde4 Nxe4 13. Nxe4 (13. Qxe4 f5 14. Qe5
Bd6 15. Qd4 Re7 {looks reasonably safe for Black.}) 13... Bd4 (13... Bb6 14.
Bf4 e5 {The only way to restrict White's initiative.} 15. Bxe5 Nc6 16. Rfd1 Rd7
17. Bd6 Re8 18. e3 Bb7 19. axb5 axb5 20. Bc5 {Sargissian,G (2650)-Blomqvist,E 
(2546) Minsk 2017 (1-0, 42) with some initiative.}) 14. Ng5 g6 15. axb5 axb5
16. Rxa7 Bxa7 17. Ne4 {Bogosavljevic,B (2525)-Plenca,J (2422) Belgrade 2017 
(½-½, 36). White has enough compensation for the pawn, due to his better
development and the kingside weaknesses.}) 11... Bb7 12. bxa6 (12. Nh4 {
misplaces the knight} Nd5 13. bxa6 Bxa6 14. Nxc4 Nc6 {Cheparinov,I (2689)
-Schroeder,J (2550) Caleta 2017 CBM 177 [Schroeder,J] (1/2-1/2, 39)}) (12. b6 {
offers more of a symbolic advantage:} Nbd7 13. Nxc4 Nxb6 14. Na5 Qc8 15. Ne1 (
15. Nxb7 $2 Bxf2+ $1 $19) 15... Bxg2 16. Kxg2 Bb4 17. Qxc8 Rfxc8 18. Nd3 Bf8
19. Be3 (19. Bd2 $5 Rc2 20. Nb3 Nc4 21. Bc3 Rxe2 22. Rfc1 $14) 19... Nbd5 20.
Bd4 Nb4 21. Nxb4 {1/2-1/2 Ladva,O (2443)-Kravtsiv,M (2631) Pardubice 2016})
12... Nxa6 13. Nxc4 (13. Qxc4 {exposes the queen and does not do anything for
the queenside development.} Bd5 14. Qh4 Be7 15. Qf4 Bd6 16. Qh4 Be7 17. Qf4 Bd6
18. Qh4 {1/2-1/2 Donchenko,A (2583)-Lysyj,I (2663) Warsaw 2016}) 13... Nb4 14.
Rxa8 Qxa8 15. Qb3 $6 {When embarking on the pawn grabbing variation I was
relying on this and the next move.} ({But} 15. Qc3 {may be more consistent.
Black surely has some (possibly full) compensation, but proving it requires
more than just finding 1-2 precise moves.} Ne4 (15... Rc8 16. Qa3 Bxf2+ $2 17.
Kxf2 Rxc4 18. b3 Rg4 19. Qxa8+ Bxa8 20. Bf4 g5 21. Be5 Ne4+ 22. Kg1 $16) 16.
Qb3 $5 (16. Qa3 Qxa3 17. bxa3 Na2 $11 {Schroeder}) 16... Bd5 17. Be3 Be7 (17...
Bxe3 $2 {Unlike in the game, this does not work out well as Black's extra
tempo ...Ne4 causes him problems.} 18. Qxe3 $1 Bxc4 19. Nd2 Bd5 20. Bxe4 $16)
18. Rc1 {and White has chances of keeping his b-pawn for instance:} Qa2 19.
Qxa2 Nxa2 20. Ra1 Bxc4 21. Ne5 Nd6 22. Bc5 Rc8 23. Bxd6 Bxd6 24. Nxc4 Rxc4 25.
Rxa2 g6 26. b3 Rc1+ 27. Bf1 Rb1 28. Rd2 Bb4 29. Rd3 {Of course it is most
likely that Black will hold a draw here.}) 15... Bd5 16. Be3 ({I rejected} 16.
Ne1 {for being too passive.} Rc8 ({My opponent had calculated} 16... Qa2 17.
Qxa2 Nxa2 18. Bxd5 exd5 19. Be3 dxc4 20. Bxc5 Rb8 {but White can keep play
going on:} 21. Ba3 Nc1 22. Kg2 Nxe2 23. Nc2 c3 24. b4 $14) 17. Bxd5 Qxd5 18.
Bd2 Qxc4 19. Qxc4 Bxf2+ 20. Rxf2 Rxc4 $11) 16... Bxe3 17. Qxb4 Rb8 18. Qc3 {
By now I had spotted the next move but it was already too late to deviate.}
Bxf2+ ({Actually Black keeps a very active position with} 18... Bc5 {, too.}
19. Nce5 Ne4 20. Qc1 Rc8 $44) 19. Rxf2 Ne4 20. Qd4 Nxf2 21. Kxf2 Bxc4 22. Qxc4
Qa7+ (22... Rxb2 23. Nd4 {We both thought this promising for White due to the
inevitable Nc6 but actually} Qb8 {keeps things under control for if} 24. Nc6
Qb6+) 23. Kf1 Qa1+ 24. Ne1 Qxb2 {The material balance is even and a draw is
the most probable result due to the reduced pawn number. Only White has some
chances with queens on the board but Black can permanently harass the white
queen.} 25. Bf3 (25. Be4 g6 26. Nf3 {may be a more promising regrouping.})
25... Qb1 26. Qf4 h6 27. Kg2 Qb4 28. h4 Qxf4 29. gxf4 g5 $11 {The rest of the
game was played by inertia.} 30. Kg3 gxh4+ 31. Kxh4 Rb4 32. Nd3 Ra4 33. Kg3 Kg7
34. Ne5 Ra3 35. Nd3 1/2-1/2